000 01223naa a22003497a 4500
001 BR8101160
003 BR-BrBNA
005 20240918174722.0
007 ta
008 230509b bl.||||| |||| 00| 0 por d
040 _aBR-BrBNA
_bpor
_cBiblioteca Nacional de Agricultura
041 _a(Pt)
072 _aF40; F30
_b0120
_bG514
090 _aF40 BR8101160
100 1 _aVieira, F.Z.G.
100 1 _aAntero Neto, J.F.
100 1 _aPeixoto Filho, J.R.
245 1 _aZoneamento ecologico para a cultura do milho, no Ceara [Zea mays; Brasil]
246 1 _a[Ecological zoning for maize crop, in Ceara [Zea mays; Brazil]]
246 1 _a[Yearly research report - 1979. Phytotechny]
260 3 _aFortaleza, CE (Brasil):
_c1980.
500 _aRelatorio anual de pesquisa - 1979. Fitotecnia Fortaleza, CE (Brasil): 1980. p. 1-9 (BR8101160-AM)F40
650 _aEcologia vegetal
650 _aMelhoramento genetico vegetal
650 _aMilho
650 _aVariedade
650 _aCompeticao de variedade
650 _aCeara
773 0 _tRelatorio anual de pesquisa - 1979. Fitotecnia
_wF40 BR8101160
_gFortaleza, CE (Brasil), 1980. p. 1-9
909 _a202404
_bLucia
_c55
_dLucia Elande
942 _cAM
_2AGRIS
999 _c313105
_d313105